Theory of didactical situations in mathematics : didactique des mathematiques, 1970-1990

Αποθηκεύτηκε σε:
Λεπτομέρειες βιβλιογραφικής εγγραφής
Κύριος συγγραφέας: Brousseau, Guy
Άλλοι συγγραφείς: Balacheff, Nicolas (Επιμελητής έκδοσης, Μεταφραστής)
Μορφή: Βιβλίο
Γλώσσα:English
Δημοσίευση: Dordrecht : Kluwer Academic, 1997
Σειρά:Mathematics education library ; ; 19
Θέματα:
Ετικέτες: Προσθήκη ετικέτας
Δεν υπάρχουν, Καταχωρήστε ετικέτα πρώτοι!

MARC

LEADER 00000nam a2200000 i 4500
001 1/87655
008 990729s1997 eng d
020 |a 0-7923-4526-6 
035 |l 10052347 
040 |a GR-MY-UA  |b gre  |e aacr 
041 0 |a eng 
082 0 |a 510.71044 
100 1 |a Brousseau, Guy. 
245 1 0 |a Theory of didactical situations in mathematics :  |b didactique des mathematiques, 1970-1990 /  |c Guy Brousseau ; edited and translated by Nicolas Balacheff ...[et al.] 
260 |a Dordrecht :   |b Kluwer Academic,   |c 1997 
300 |a 304 p. 
490 1 |a Mathematics education library  |v ; 19 
650 0 0 |a Mathematics  |x Study and teaching  |z France. 
700 1 |a Balacheff, Nicolas.  |4 edt  |4 trl 
830 0 |a Mathematics education library ;  |v ; 19 
852 |a INST  |b RHODES  |e 19990729  |h 510.71044 BRO  |p 005400014553  |q 005400014553  |t BK  |y 0 
901 |a BIBL4-1999-2 
909 |a Ρ  |b 065672 
922 |a 4ΕΛΗ  |b 199905  |c ΚΠΣ/154  |d LEADER 
970 |z 1999/07/29  |a ΚΟΥΛΑΚΙΟΤΗ  |b ΛΙΤΣΑ